Ready for first certificate

Αποθηκεύτηκε σε:
Λεπτομέρειες βιβλιογραφικής εγγραφής
Συγγραφή απο Οργανισμό/Αρχή: Macmillan Publishers
Μορφή: Ηλεκτρονική πηγή
Γλώσσα:English
Δημοσίευση: [London] : Macmillan Publishers Ltd., 2001
Θέματα:
Ετικέτες: Προσθήκη ετικέτας
Δεν υπάρχουν, Καταχωρήστε ετικέτα πρώτοι!

MARC

LEADER 00000cmm a2200000 i 4500
001 1/44892
008 070524s2001 uk eng d
035 |l 10087975 
040 |a GR-MY-UA  |b gre  |e aacr 
041 0 |a eng 
082 0 |a 428.24  |2 (22) 
245 1 0 |a Ready for first certificate  |h [αρχείο Η/Υ] 
260 |a [London] :   |b Macmillan Publishers Ltd.,   |c 2001 
300 |a 1 οπτική δισκέτα λέιζερ Η/Υ  |b εικ.  |e 4 3/4 ιν. 
650 0 0 |a English language  |x Examinations. 
650 0 0 |a English language  |x Compositions and exercises. 
650 0 0 |a English language  |x Study and teaching. 
710 2 |a Macmillan Publishers. 
852 |a INST  |b LESVOS  |c AV  |e 20070524  |h 428.24 REA  |p 005100038158  |q 005100038158  |t CDROM  |y 23 
901 |a BIBL1-2007-2 
909 |a Λ  |b 132623 
970 |a ΚΑΡΑ  |b ΓΙΑΣΕΜΗ  |z 2007/05/24